| 000 | 00431pab a2200169 454500 | ||
|---|---|---|---|
| 008 | 180718b2005 xxu||||| |||| 00| 0 eng d | ||
| 100 | _aSrinivasan, J. | ||
| 245 | _aHuman capital formation: an economic approach | ||
| 260 | _c2005 | ||
| 300 | _ap.132-36. | ||
| 362 | _aApr | ||
| 650 | _aHuman resources development | ||
| 650 | _aHuman capital | ||
| 650 | _aLabour market | ||
| 773 | _aAsian Economic Review | ||
| 909 | _a65463 | ||
| 999 |
_c65463 _d65463 |
||